[Event "Quebec-ch U20"]
[Site "Montreal CAN"]
[Date "1989.03.03"]
[Round "3"]
[White "Wenaas, Eric"]
[Black "Duong, Thanh Nha"]
[Result "0-1"]
[WhiteElo "1689"]
[BlackElo "2070"]
[PlyCount "74"]
[EventDate "1989.03.02"]
[EventType "tourn"]
[EventRounds "7"]
[EventCountry "CAN"]

1. f4 d5 2. Nf3 Nf6 3. e3 c5 4. d4 Nc6 5. c3 Bf5 6. Be2 e6 7. O-O Qc7 8. Ne5 h6
9. Nd2 Bd6 10. Ndf3 Ne4 11. Bd2 f6 12. Nxc6 Qxc6 13. Nh4 O-O-O 14. Nxf5 exf5
15. Rc1 Kb8 16. Be1 g5 17. g3 Qd7 18. a4 h5 19. Bf3 h4 20. Bxe4 fxe4 21. Qd2
gxf4 22. exf4 hxg3 23. Bxg3 Qxa4 24. Ra1 Qc4 25. Rfb1 cxd4 26. cxd4 Rhg8 27.
Rc1 Qb3 28. Qf2 e3 29. Qf3 Qxb2 30. Qxe3 Rde8 31. Qd3 Re4 32. Rd1 Bxf4 33. Rab1
Qe2 34. Rxb7+ Kxb7 35. Qb3+ Kc6 36. Qa4+ Kd6 37. Qb4+ Ke6 0-1

[Event "Quebec-ch U20"]
[Site "Montreal CAN"]
[Date "1989.03.04"]
[Round "4"]
[White "Duong, Thanh Nha"]
[Black "Gagnon, Serge"]
[Result "1-0"]
[WhiteElo "2070"]
[BlackElo "1807"]
[PlyCount "53"]
[EventDate "1989.03.02"]
[EventType "tourn"]
[EventRounds "7"]
[EventCountry "CAN"]

1. e4 d6 2. Nc3 Nf6 3. Bc4 g6 4. d4 Bg7 5. f3 O-O 6. Nge2 e5 7. Be3 Nc6 8. d5
Ne7 9. Qd2 Nd7 10. h4 f5 11. Bg5 Nf6 12. Bxf6 Rxf6 13. h5 f4 14. O-O-O a6 15.
Rdg1 Qf8 16. Qe1 Bd7 17. Qh4 gxh5 18. g3 fxg3 19. Nxg3 Be8 20. Nxh5 Rh6 21. Qg5
Rg6 22. Qh4 Rh6 23. Nf6+ Kh8 24. Rxg7 Qxg7 25. Qxh6 Qxh6+ 26. Rxh6 Kg7 27. Ng4
1-0

[Event "Quebec-ch U20"]
[Site "Montreal CAN"]
[Date "1989.03.04"]
[Round "5"]
[White "Tremblay, Rejean"]
[Black "Duong, Thanh Nha"]
[Result "1/2-1/2"]
[WhiteElo "2095"]
[BlackElo "2070"]
[PlyCount "106"]
[EventDate "1989.03.02"]
[EventType "tourn"]
[EventRounds "7"]
[EventCountry "CAN"]

1. d4 d5 2. c4 e6 3. Nc3 Nf6 4. cxd5 exd5 5. Bf4 Be7 6. e3 c6 7. Qc2 O-O 8. Nf3
Nbd7 9. Be2 Re8 10. h3 Nf8 11. O-O Ng6 12. Bg3 Bd6 13. Bxd6 Qxd6 14. Bd3 Qe7
15. Rab1 Ne4 16. b4 Nh4 17. Nxh4 Qxh4 18. Bxe4 dxe4 19. Ne2 Bd7 20. f4 exf3 21.
Rxf3 Re7 22. Ng3 Qg5 23. Qc5 f5 24. Rbf1 Rae8 25. e4 b6 26. Qd6 fxe4 27. Nxe4
Qb5 28. a4 Qe2 29. Nf6+ gxf6 30. Rg3+ Rg7 31. Rxg7+ Kxg7 32. Qxf6+ Kg8 33. Qf7+
Kh8 34. Qxd7 Qe3+ 35. Kh1 Rg8 36. Qd6 Qe2 37. Qf6+ Rg7 38. Qf3 Qxf3 39. Rxf3
Rd7 40. Rf4 Rd5 41. Rf6 Rxd4 42. Rxc6 Rxb4 43. Rc8+ Kg7 44. Rc7+ Kg8 45. Rxa7
b5 46. axb5 Rxb5 47. Kh2 Rb3 48. h4 h6 49. g3 Rb2+ 50. Kh3 Rb4 51. Ra3 Kg7 52.
Rf3 h5 53. Re3 Rb2 1/2-1/2

[Event "Quebec-ch U20"]
[Site "Montreal CAN"]
[Date "1989.03.06"]
[Round "6"]
[White "Duong, Thanh Nha"]
[Black "Cazelais, Marc"]
[Result "0-1"]
[WhiteElo "2070"]
[BlackElo "2003"]
[PlyCount "78"]
[EventDate "1989.03.02"]
[EventType "tourn"]
[EventRounds "7"]
[EventCountry "CAN"]

1. e4 c6 2. d4 d5 3. Nc3 dxe4 4. Nxe4 Nf6 5. Nxf6+ gxf6 6. Nf3 Bg4 7. c3 e6 8.
Be2 Bd6 9. h3 Bh5 10. Be3 Nd7 11. Qd2 Qa5 12. Bf4 Qc7 13. Bxd6 Qxd6 14. O-O
O-O-O 15. b4 e5 16. Rfd1 e4 17. Nh4 Bxe2 18. Qxe2 Qe6 19. b5 c5 20. Qh5 Rdg8
21. Qf5 Rg5 22. Qxe6 fxe6 23. a4 Rhg8 24. Kh2 Rd5 25. g3 Rd8 26. Ng2 cxd4 27.
Nf4 Rd6 28. Rxd4 Nc5 29. Kg1 e5 30. Rc4 b6 31. Nh5 R8d7 32. g4 Kd8 33. Rb1 Rd1+
34. Rxd1 Rxd1+ 35. Kg2 Rd2 36. Kg3 Rd3+ 37. Kg2 Rd2 38. Nxf6 e3 39. Ne4 e2 0-1

[Event "Quebec-ch U20"]
[Site "Montreal CAN"]
[Date "1989.03.05"]
[Round "7"]
[White "Glass, Martin"]
[Black "Duong, Thanh Nha"]
[Result "0-1"]
[WhiteElo "1645"]
[BlackElo "2070"]
[PlyCount "58"]
[EventDate "1989.03.02"]
[EventType "tourn"]
[EventRounds "7"]
[EventCountry "CAN"]

1. c4 e5 2. Nc3 Nf6 3. g3 Nc6 4. Bg2 Bb4 5. a3 Bxc3 6. bxc3 O-O 7. Nf3 d6 8.
Qc2 Re8 9. O-O h6 10. Rb1 Na5 11. d3 Rb8 12. Nd2 Bg4 13. Ne4 Nxe4 14. Bxe4 f5
15. Bg2 Kh8 16. Be3 b6 17. Rfe1 Qf6 18. h3 Bh5 19. Rf1 c5 20. Rbd1 Re7 21. Kh2
Rbe8 22. Qa2 f4 23. Bc1 f3 24. Bxf3 Bxf3 25. exf3 Qxf3 26. Bb2 e4 27. d4 e3 28.
fxe3 Qe2+ 29. Kh1 Rxe3 0-1

[Event "Amateur ch"]
[Site "Montreal CAN"]
[Date "1989.??.??"]
[Round "?"]
[White "Duong, Thanh Nha"]
[Black "Roos, Celine"]
[Result "1/2-1/2"]
[WhiteElo "2054"]
[BlackElo "2047"]
[PlyCount "109"]
[EventDate "1989.??.??"]
[EventType "swiss"]
[EventRounds "5"]
[EventCountry "CAN"]

1. d4 Nf6 2. c4 e6 3. Nf3 b6 4. Nc3 Bb4 5. Bg5 Bxc3+ 6. bxc3 Bb7 7. e3 h6 8.
Bh4 O-O 9. Bd3 d5 10. cxd5 exd5 11. Ne5 Qd6 12. O-O c5 13. Bxf6 Qxf6 14. f4 Rd8
15. Qh5 Ba6 16. Bxa6 Nxa6 17. g4 Rac8 18. Rac1 Rc7 19. h4 cxd4 20. cxd4 Rdc8
21. Rxc7 Rxc7 22. f5 Qd6 23. f6 Qa3 24. Kf2 Qxa2+ 25. Kg3 Qe2 26. Rf3 Qe1+ 27.
Kh3 Qh1+ 28. Kg3 Qg1+ 29. Kh3 Qh1+ 30. Kg3 Qe1+ 31. Kh3 gxf6 32. Rxf6 Qh1+ 33.
Kg3 Qg1+ 34. Kh3 Qxe3+ 35. Nf3 Nb4 36. g5 Nd3 37. Kg3 Qf2+ 38. Kh3 Qf1+ 39. Kg3
Qf2+ 40. Kh3 Ne1 41. Nxe1 Qxe1 42. Rf3 Qe6+ 43. Kg3 Rc4 44. gxh6 Rxd4 45. h7+
Kh8 46. Rxf7 Qe1+ 47. Rf2 Rd3+ 48. Kg2 Rd2 49. Rxd2 Qxd2+ 50. Kf1 Qd3+ 51. Ke1
Qxh7 52. Qe5+ Qg7 53. Qxd5 Qe7+ 54. Kd2 Qxh4 55. Qa8+ 1/2-1/2

[Event "CAN-ch U20 1988-89"]
[Site "Winnipeg CAN"]
[Date "1988.12.28"]
[Round "3"]
[White "Huda, Rehan"]
[Black "Duong, Thanh Nha"]
[Result "1/2-1/2"]
[WhiteElo "2340"]
[BlackElo "2266"]
[PlyCount "128"]
[EventDate "1988.12.26"]
[EventType "tourn"]
[EventRounds "9"]
[EventCountry "CAN"]

1. Nf3 d5 2. d4 Nf6 3. c4 c6 4. Qc2 Bg4 5. Ne5 Bh5 6. e3 e6 7. Bd3 Nbd7 8. f4
dxc4 9. Bxc4 c5 10. O-O cxd4 11. exd4 Rc8 12. Qa4 a6 13. Nxd7 Qxd7 14. Qxd7+
Kxd7 15. Bd3 Bg6 16. Bxg6 hxg6 17. Nc3 Bb4 18. Na4 Rc2 19. a3 Bd6 20. b4 Nd5
21. Nc5+ Kc6 22. Ne4 Bb8 23. h3 Rh4 24. Ng5 Nxf4 25. Bxf4 Bxf4 26. Nxf7 Be3+
27. Kh1 Bxd4 28. Rae1 Kd5 29. Ng5 e5 30. Rf7 Rf4 31. Rd7+ Kc6 32. Rxg7 Rf6 33.
Nf3 Ra2 34. Nxe5+ Bxe5 35. Rxe5 Rxa3 36. Rc5+ Kb6 37. Rcc7 Rb3 38. Rxb7+ Kc6
39. Rgc7+ Kd5 40. Rc5+ Ke4 41. Rc4+ Kf5 42. h4 Rb2 43. Rbc7 Rb6 44. Rf7+ Ke5
45. Rff4 Re2 46. Rg4 Rf2 47. Kh2 Rf5 48. Rge4+ Kd6 49. Rcd4+ Rd5 50. Kg3 Rxd4
51. Rxd4+ Ke6 52. Rf4 Rb5 53. Kf3 a5 54. bxa5 Rxa5 55. g4 Ra3+ 56. Kg2 Ke7 57.
Rf3 Ra4 58. Kg3 Rb4 59. g5 Ra4 60. Rf6 Ra3+ 61. Kf2 Ra2+ 62. Kg3 Ra3+ 63. Rf3
Ra4 64. Rf4 Ra1 1/2-1/2

[Event "CAN-ch U20 1988-89"]
[Site "Winnipeg CAN"]
[Date "1988.12.29"]
[Round "4"]
[White "Duong, Thanh Nha"]
[Black "Perron, Sean"]
[Result "1-0"]
[WhiteElo "2266"]
[BlackElo "1719"]
[PlyCount "69"]
[EventDate "1988.12.26"]
[EventType "tourn"]
[EventRounds "9"]
[EventCountry "CAN"]

1. e4 c5 2. Nf3 d6 3. d4 cxd4 4. Nxd4 Nf6 5. Nc3 g6 6. Be3 Bg7 7. f3 Nc6 8. Bc4
Nxd4 9. Bxd4 O-O 10. Qd2 Be6 11. Bxe6 fxe6 12. O-O-O Qa5 13. Kb1 b5 14. h4 b4
15. Ne2 Qb5 16. h5 Nxh5 17. Bxg7 Nxg7 18. Nd4 Qc4 19. Qh6 Kf7 20. f4 a5 21. Nf3
Rg8 22. Qxh7 Rh8 23. Ng5+ Kf6 24. e5+ dxe5 25. fxe5+ Kxg5 26. Qxg7 Rxh1 27.
Qxe7+ Kf5 28. Qf6+ Ke4 29. Rxh1 Qe2 30. Qxe6 Rf8 31. Qxg6+ Kxe5 32. Rh5+ Kd4
33. Qd6+ Ke3 34. Re5+ Kf2 35. Qxf8+ 1-0

[Event "CAN-ch U20 1988-89"]
[Site "Winnipeg CAN"]
[Date "1988.12.30"]
[Round "5"]
[White "Littke, Adam"]
[Black "Duong, Thanh Nha"]
[Result "0-1"]
[WhiteElo "1966"]
[BlackElo "2266"]
[PlyCount "106"]
[EventDate "1988.12.26"]
[EventType "tourn"]
[EventRounds "9"]
[EventCountry "CAN"]

1. d4 d5 2. c4 e6 3. Nc3 Nf6 4. cxd5 exd5 5. Bg5 Be7 6. e3 O-O 7. Bd3 c6 8. Qc2
Nbd7 9. Nge2 Re8 10. O-O h6 11. Bh4 Ne4 12. Bxe7 Qxe7 13. Rae1 Ndf6 14. f3 Nxc3
15. Nxc3 Be6 16. a3 c5 17. dxc5 Qxc5 18. Nb5 Qxc2 19. Bxc2 Rec8 20. Bd3 Ne8 21.
Rc1 a6 22. Nd4 Kf8 23. Rfd1 Ke7 24. Bb1 Nd6 25. Nxe6 fxe6 26. Bd3 Nc4 27. Bxc4
Rxc4 28. b3 Rc6 29. Rxc6 bxc6 30. Kf2 Rb8 31. Rd3 e5 32. Ke2 Kd6 33. Kd2 c5 34.
Kc3 a5 35. e4 d4+ 36. Kc4 a4 37. b4 cxb4 38. axb4 Rc8+ 39. Kb5 Rc2 40. g3 Rc3
41. Rd2 Rxf3 42. Kxa4 Re3 43. b5 Rxe4 44. b6 Kc6 45. Ka5 Re1 46. Rc2+ Kd5 47.
Rb2 Ra1+ 48. Kb5 Ra8 49. b7 Rb8 50. Kb6 d3 51. Kc7 Rxb7+ 52. Kxb7 e4 53. Ka6 e3
0-1

[Event "CAN-ch U20 1988-89"]
[Site "Winnipeg CAN"]
[Date "1989.01.03"]
[Round "6"]
[White "Duong, Thanh Nha"]
[Black "Southam, Todd"]
[Result "1/2-1/2"]
[WhiteElo "2266"]
[BlackElo "2302"]
[PlyCount "68"]
[EventDate "1988.12.26"]
[EventType "tourn"]
[EventRounds "9"]
[EventCountry "CAN"]

1. e4 e5 2. Nf3 Nc6 3. Bb5 a6 4. Bxc6 dxc6 5. O-O f6 6. d4 Bg4 7. dxe5 Qxd1 8.
Rxd1 fxe5 9. Rd3 Bd6 10. Nbd2 b5 11. c4 c5 12. a4 b4 13. Nf1 Ne7 14. h3 Bh5 15.
Ng3 Bf7 16. b3 O-O 17. Bb2 Nc6 18. Nf5 Nd4 19. Bxd4 exd4 20. Nxd6 cxd6 21. Nd2
Be8 22. f3 Bc6 23. Nf1 g6 24. Re1 Rae8 25. Ng3 h5 26. Rdd1 Re7 27. Rf1 a5 28.
Rd3 Rg7 29. Rf2 Rgf7 30. Re2 Re7 31. Rf2 Ref7 32. Re2 Re7 33. Rf2 Ref7 34. Re2
Re7 1/2-1/2

[Event "CAN-ch U20 1988-89"]
[Site "Winnipeg CAN"]
[Date "1989.01.04"]
[Round "7"]
[White "Purdy, Brian"]
[Black "Duong, Thanh Nha"]
[Result "0-1"]
[WhiteElo "2002"]
[BlackElo "2266"]
[PlyCount "36"]
[EventDate "1988.12.26"]
[EventType "tourn"]
[EventRounds "9"]
[EventCountry "CAN"]

1. e4 e5 2. f4 exf4 3. Nf3 d6 4. d4 g5 5. h4 g4 6. Ng1 Qf6 7. Ne2 Bh6 8. g3
fxg3 9. Bxh6 Qf2+ 10. Kd2 Nxh6 11. Rg1 Nc6 12. c3 f5 13. Rg2 Qf3 14. Rxg3 Qf2
15. Rg2 Qxh4 16. Qc2 Bd7 17. b4 O-O-O 18. a4 f4 0-1

[Event "Quebec op"]
[Site "Montreal CAN"]
[Date "1988.07.26"]
[Round "3"]
[White "Duong, Thanh Nha"]
[Black "Beaudry, Marc-Andre"]
[Result "1/2-1/2"]
[WhiteElo "2130"]
[BlackElo "1953"]
[PlyCount "138"]
[EventDate "1988.07.24"]
[EventType "swiss"]
[EventRounds "8"]
[EventCountry "CAN"]

1. c4 Nf6 2. Nc3 c5 3. Nf3 b6 4. g3 Bb7 5. Bg2 e6 6. O-O Be7 7. d4 cxd4 8. Qxd4
d6 9. Rd1 a6 10. b3 Nbd7 11. Bb2 Qb8 12. Ng5 Bxg2 13. Kxg2 Qb7+ 14. Kg1 Rd8 15.
Qf4 Ne5 16. Nce4 O-O 17. Nxd6 Rxd6 18. Bxe5 Rd7 19. Nf3 Rfd8 20. Rxd7 Rxd7 21.
Bb2 b5 22. cxb5 axb5 23. Rc1 Nd5 24. Qg4 Nf6 25. Qg5 h6 26. Qe5 b4 27. Nd4 Qa8
28. Nc6 Qxa2 29. Qb8+ Kh7 30. Bxf6 Bxf6 31. Qxb4 Qxe2 32. Qe1 Qf3 33. b4 Bg5
34. Ne5 Qd5 35. Rc5 Qd1 36. Qxd1 Rxd1+ 37. Kg2 Rb1 38. Nc6 Rb2 39. Kf3 Bd2 40.
Rc4 Be1 41. Ke3 Bxf2+ 42. Kd3 Bg1 43. h4 Rb3+ 44. Kc2 Rxg3 45. b5 h5 46. Ne5 f6
47. Nd7 Rg4 48. Rc7 Kg6 49. b6 Bxb6 50. Nxb6 Rxh4 51. Nd7 Kf5 52. Nf8 g5 53.
Rc6 Re4 54. Kd3 Re5 55. Rc1 g4 56. Rf1+ Kg5 57. Nh7+ Kg6 58. Nxf6 Rf5 59. Rxf5
exf5 60. Nd5 Kg5 61. Ke3 h4 62. Kf2 f4 63. Kg2 Kf5 64. Ne7+ Ke4 65. Ng6 h3+ 66.
Kh2 Ke3 67. Ne5 g3+ 68. Kxh3 f3 69. Kxg3 f2 1/2-1/2

[Event "Quebec op"]
[Site "Montreal CAN"]
[Date "1988.07.28"]
[Round "5"]
[White "Spraggett, Grant"]
[Black "Duong, Thanh Nha"]
[Result "1/2-1/2"]
[WhiteElo "2296"]
[BlackElo "2097"]
[PlyCount "53"]
[EventDate "1988.07.24"]
[EventType "swiss"]
[EventRounds "8"]
[EventCountry "CAN"]

1. Nf3 d5 2. g3 Nf6 3. Bg2 Nbd7 4. O-O e5 5. d3 Bd6 6. c4 c6 7. Nc3 d4 8. Ne4
Nxe4 9. dxe4 O-O 10. Ne1 Re8 11. f4 exf4 12. gxf4 f6 13. e3 Nc5 14. Qxd4 Qe7
15. b3 Nxe4 16. Bxe4 Bc5 17. Bxh7+ Kxh7 18. Qd3+ g6 19. Ng2 Bf5 20. Qc3 Rad8
21. Bb2 Kg7 22. Rad1 Rxd1 23. Rxd1 Bxe3+ 24. Nxe3 Qxe3+ 25. Qxe3 Rxe3 26. Kf2
Rd3 27. Rxd3 1/2-1/2

[Event "Quebec op"]
[Site "Montreal CAN"]
[Date "1988.07.29"]
[Round "6"]
[White "Duong, Thanh Nha"]
[Black "Billard, Michel"]
[Result "0-1"]
[WhiteElo "2097"]
[BlackElo "2040"]
[PlyCount "100"]
[EventDate "1988.07.24"]
[EventType "swiss"]
[EventRounds "8"]
[EventCountry "CAN"]

1. d4 f5 2. c4 Nf6 3. Nc3 e6 4. Nf3 d5 5. Bf4 c6 6. e3 Be7 7. Be2 O-O 8. Qc2
Ne4 9. h4 Qa5 10. Nd2 Nd7 11. f3 Nxd2 12. Qxd2 Qd8 13. h5 Nf6 14. O-O-O dxc4
15. Bxc4 b5 16. Bd3 b4 17. Ne2 Nd5 18. Kb1 c5 19. dxc5 Bxc5 20. Bxf5 Qb6 21.
Bc2 Ba6 22. Be4 Rad8 23. Bxd5 Rxd5 24. Qc2 Bxe3 25. Bxe3 Qxe3 26. Nc1 Rfd8 27.
Rde1 Qg5 28. Rxe6 Bc8 29. Re4 Bf5 30. Qc4 Kh8 31. h6 Qxg2 32. hxg7+ Kxg7 33.
Rf1 Rd4 34. Qc7+ Kg8 35. Rfe1 Bxe4+ 36. fxe4 Qg7 37. Qc5 Kh8 38. Qb5 Qg6 39.
Qe5+ Qg7 40. Qb5 Kg8 41. Qc5 h6 42. Qc6 Kh7 43. Qc5 R8d7 44. Qb5 Qg5 45. Qe2
Rd2 46. Qc4 a5 47. Rf1 Qg7 48. e5 Rc7 49. Qf4 Qg6+ 50. Ka1 Qc2 0-1

[Event "Pre-COQ"]
[Site "Montreal CAN"]
[Date "1988.07.09"]
[Round "2"]
[White "Duong, Thanh Nha"]
[Black "Morin, Louis"]
[Result "1-0"]
[WhiteElo "2130"]
[BlackElo "1865"]
[PlyCount "81"]
[EventDate "1988.07.09"]
[EventType "swiss"]
[EventRounds "4"]
[EventCountry "CAN"]

1. d4 Nf6 2. c4 e6 3. Nf3 d5 4. Bg5 Nbd7 5. Nc3 Be7 6. e3 O-O 7. Rc1 a6 8. a4
c6 9. Bd3 h6 10. Bxf6 Nxf6 11. Ne5 dxc4 12. Bxc4 c5 13. O-O cxd4 14. exd4 Bb4
15. Qd3 Bxc3 16. bxc3 Bd7 17. Bb3 Bc6 18. Nxc6 bxc6 19. f4 c5 20. f5 e5 21. d5
Qb6 22. Bc4 Rfd8 23. Rb1 Qa7 24. Qe3 e4 25. Qf4 Qd7 26. Rb6 Qxa4 27. Rxf6 Qxc4
28. Rxh6 gxh6 29. Qxh6 Rd6 30. Qxd6 Qxc3 31. h3 Re8 32. Rf4 Qd4+ 33. Kh2 Qe5
34. Qh6 f6 35. Kg1 Qa1+ 36. Kf2 Qb2+ 37. Kg3 Qc3+ 38. Kh4 Re7 39. Rg4+ Kf7 40.
Qg6+ Kf8 41. Qg8# 1-0

[Event "Quebec-ch"]
[Site "Montreal CAN"]
[Date "1988.06.09"]
[Round "1"]
[White "Duong, Thanh Nha"]
[Black "Bolduc, Steve"]
[Result "1/2-1/2"]
[WhiteElo "2136"]
[BlackElo "2230"]
[PlyCount "40"]
[EventDate "1988.06.09"]
[EventType "tourn"]
[EventRounds "11"]
[EventCountry "CAN"]
[EventCategory "1"]

1. e4 c5 2. Nf3 Nf6 3. e5 Nd5 4. d4 e6 5. c4 Nb6 6. Nc3 d5 7. dxc5 Bxc5 8. a3
Bd7 9. b4 Be7 10. Be3 Bf6 11. Bd4 Nc6 12. c5 Nc8 13. Be2 a6 14. a4 b6 15. Ne4
h6 16. cxb6 Nxb4 17. h4 h5 18. a5 Nd6 19. g4 g5 20. hxg5 dxe4 1/2-1/2

[Event "Quebec-ch"]
[Site "Montreal CAN"]
[Date "1988.06.10"]
[Round "2"]
[White "Duong, Thanh Nha"]
[Black "Leveille, Francois"]
[Result "0-1"]
[WhiteElo "2136"]
[BlackElo "2230"]
[PlyCount "92"]
[EventDate "1988.06.09"]
[EventType "tourn"]
[EventRounds "11"]
[EventCountry "CAN"]
[EventCategory "1"]

1. e4 c5 2. Nf3 d6 3. d4 cxd4 4. Nxd4 Nf6 5. Nc3 a6 6. Bg5 e6 7. f4 Qb6 8. Qd2
Qxb2 9. Rb1 Qa3 10. f5 Nc6 11. Nxc6 bxc6 12. fxe6 Bxe6 13. Be2 Be7 14. O-O O-O
15. Rf3 Kh8 16. Rbf1 Qc5+ 17. Be3 Qa5 18. Rg3 Nd7 19. Bd4 Ne5 20. Qf4 Ng6 21.
Qh6 f6 22. Qc1 c5 23. Bf2 Ne5 24. Be1 Qd8 25. Nd5 Bxd5 26. exd5 Qd7 27. Bc3 f5
28. Qf4 Rf7 29. Bh5 g6 30. Bxg6 hxg6 31. Qh6+ Rh7 32. Qxg6 Rf8 33. Rgf3 Rg7 34.
Qh5+ Rh7 35. Qg6 Rf6 36. Qg3 Rg7 37. Qh4+ Kg8 38. Qf4 Rg4 39. Rg3 Rxg3 40. hxg3
Rf7 41. Bxe5 dxe5 42. Qxe5 Bf6 43. Qb8+ Rf8 44. Qf4 Bd4+ 45. Kh1 Rf6 46. Rb1
Kg7 0-1

[Event "Quebec-ch"]
[Site "Montreal CAN"]
[Date "1988.06.11"]
[Round "3"]
[White "Ibrahim, Anthony"]
[Black "Duong, Thanh Nha"]
[Result "1/2-1/2"]
[WhiteElo "2260"]
[BlackElo "2136"]
[PlyCount "106"]
[EventDate "1988.06.09"]
[EventType "tourn"]
[EventRounds "11"]
[EventCountry "CAN"]
[EventCategory "1"]

1. e4 e5 2. Nf3 Nc6 3. Bb5 a6 4. Ba4 Nf6 5. O-O b5 6. Bb3 Be7 7. Re1 d6 8. h3
O-O 9. c3 Bb7 10. d4 Re8 11. Ng5 Rf8 12. Nf3 Re8 13. Nbd2 Bf8 14. d5 Nb8 15.
Nf1 c6 16. dxc6 Bxc6 17. Ng3 h6 18. Bc2 Nbd7 19. Be3 Qc7 20. Nh4 Nc5 21. b4
Ncd7 22. Nhf5 Bb7 23. Rc1 Rac8 24. Bb3 Qb8 25. Qf3 Qa8 26. Bd2 d5 27. Nh5 Nxh5
28. Qxh5 Re6 29. Qg4 Rg6 30. Ne7+ Bxe7 31. Qxd7 Bd6 32. Re3 Rd8 33. Qf5 Rf6 34.
Qg4 dxe4 35. Rg3 Bf8 36. Qh4 Kh7 37. Bg5 Rdd6 38. Bxf6 Rxf6 39. Re3 Rf4 40. Qh5
Qe8 41. Rd1 g6 42. Qe2 Qe7 43. Qd2 Qf6 44. Rde1 h5 45. Rd1 Rf5 46. Re2 Rg5 47.
Qd7 Be7 48. Qxb7 Qf3 49. Qxe4 Rxg2+ 50. Kf1 Rxf2+ 51. Ke1 Rxe2+ 52. Qxe2 Bh4+
53. Kd2 Bg5+ 1/2-1/2

[Event "Quebec-ch"]
[Site "Montreal CAN"]
[Date "1988.06.12"]
[Round "4"]
[White "Duong, Thanh Nha"]
[Black "Morin, Yves"]
[Result "1-0"]
[WhiteElo "2136"]
[BlackElo "2210"]
[PlyCount "79"]
[EventDate "1988.06.09"]
[EventType "tourn"]
[EventRounds "11"]
[EventCountry "CAN"]
[EventCategory "1"]

1. e4 e6 2. d4 d5 3. Nc3 Bb4 4. e5 Ne7 5. Nf3 c5 6. a3 Bxc3+ 7. bxc3 Qa5 8. Bd2
Nbc6 9. Be2 Bd7 10. O-O f6 11. c4 Qc7 12. cxd5 Nxd5 13. exf6 gxf6 14. c4 Nf4
15. Bxf4 Qxf4 16. d5 Ne5 17. Nxe5 fxe5 18. dxe6 Bc6 19. Qd6 h5 20. Rfd1 Rh7 21.
Rd3 Qf8 22. Qxe5 Qh8 23. Qxh8+ Rxh8 24. Bf3 Ke7 25. Re1 Rad8 26. Rxd8 Rxd8 27.
Bxc6 bxc6 28. f4 Rd3 29. f5 Rd8 30. Re5 Kf6 31. Rxc5 Rd1+ 32. Kf2 Rd2+ 33. Kf3
Rd3+ 34. Ke4 Rxa3 35. Rxc6 Ra2 36. Rc7 Rxg2 37. Rf7+ Kg5 38. Rg7+ Kh4 39. Rxg2
Kh3 40. Ra2 1-0

[Event "Quebec-ch"]
[Site "Montreal CAN"]
[Date "1988.06.13"]
[Round "5"]
[White "Roy, Alain"]
[Black "Duong, Thanh Nha"]
[Result "0-1"]
[WhiteElo "2129"]
[BlackElo "2136"]
[PlyCount "120"]
[EventDate "1988.06.09"]
[EventType "tourn"]
[EventRounds "11"]
[EventCountry "CAN"]
[EventCategory "1"]

1. Nf3 d5 2. c4 c6 3. d4 Nf6 4. Nc3 e6 5. Bg5 Be7 6. e3 Nbd7 7. Qc2 O-O 8. Bd3
h6 9. h4 Re8 10. O-O-O a6 11. Bxf6 Bxf6 12. g4 b5 13. g5 hxg5 14. hxg5 Bxg5 15.
Rh5 Bf6 16. Rdh1 Kf8 17. cxd5 cxd5 18. Rh8+ Ke7 19. Rxe8+ Qxe8 20. e4 dxe4 21.
Bxe4 Rb8 22. Bc6 Qd8 23. Qe4 Nb6 24. Ne5 b4 25. Ne2 Bd7 26. Bxd7 Bxe5 27. Qxe5
Nxd7 28. Qxg7 Qa5 29. Qg4 Nf6 30. Qf4 Qb5 31. Ng3 Rc8+ 32. Kb1 Qd3+ 33. Ka1 Qc2
34. Re1 Rc6 35. Nf5+ Kd7 36. Ng7 Qg6 37. d5 Nxd5 38. Qd4 Qc2 39. Rb1 Qe2 40.
Qa7+ Rc7 41. Qd4 a5 42. Nf5 Qc4 43. Qxc4 Rxc4 44. Ne3 Nxe3 45. fxe3 Kd6 46. Re1
Ke5 47. Kb1 Ke4 48. Rf1 f5 49. Rf4+ Kd3 50. Rxc4 Kxc4 51. Kc2 e5 52. b3+ Kd5
53. Kd3 e4+ 54. Ke2 Ke5 55. Kf2 f4 56. exf4+ Kxf4 57. Ke2 e3 58. Ke1 Ke4 59.
Ke2 Kd4 60. Ke1 Kd3 0-1

[Event "Quebec-ch"]
[Site "Montreal CAN"]
[Date "1988.06.15"]
[Round "6"]
[White "Duong, Thanh Nha"]
[Black "Dupuis, Stephane"]
[Result "0-1"]
[WhiteElo "2136"]
[BlackElo "2230"]
[PlyCount "58"]
[EventDate "1988.06.09"]
[EventType "tourn"]
[EventRounds "11"]
[EventCountry "CAN"]
[EventCategory "1"]

1. e4 e5 2. Nf3 Nc6 3. Bc4 Nf6 4. d3 Bc5 5. O-O d6 6. c3 O-O 7. Bg5 h6 8. Bh4
a6 9. b4 Ba7 10. a4 Bg4 11. Nbd2 g5 12. Bg3 Nh5 13. Qc2 Kg7 14. Bd5 Nxg3 15.
hxg3 Rb8 16. b5 Ne7 17. Bc4 a5 18. d4 Ng6 19. Nb3 h5 20. Qd2 Bxf3 21. gxf3 Qf6
22. Be2 h4 23. Kg2 Rh8 24. Rh1 Rh6 25. dxe5 dxe5 26. Rad1 hxg3 27. fxg3 Nf4+
28. gxf4 gxf4 29. Nd4 Qg5+ 0-1

[Event "Quebec-ch"]
[Site "Montreal CAN"]
[Date "1988.06.16"]
[Round "7"]
[White "Auger, Bertrand"]
[Black "Duong, Thanh Nha"]
[Result "0-1"]
[WhiteElo "1969"]
[BlackElo "2136"]
[PlyCount "66"]
[EventDate "1988.06.09"]
[EventType "tourn"]
[EventRounds "11"]
[EventCountry "CAN"]
[EventCategory "1"]

1. Nf3 Nf6 2. c4 e6 3. g3 d5 4. Bg2 Be7 5. O-O O-O 6. d4 Nbd7 7. Nc3 c6 8. Qc2
dxc4 9. e4 b5 10. a4 Qb6 11. axb5 cxb5 12. e5 Nd5 13. Nxd5 exd5 14. Bg5 Bb4 15.
b3 Qg6 16. Qxg6 hxg6 17. bxc4 bxc4 18. Rfb1 Rb8 19. Rxa7 Re8 20. Ra4 Bc3 21.
Rxb8 Nxb8 22. Bd2 Bxd2 23. Nxd2 Be6 24. Nb1 Nc6 25. Nc3 Rd8 26. Ne2 Rb8 27. Ra1
Rb3 28. h3 Rd3 29. Ra8+ Kh7 30. Ra6 Nxd4 31. Nf4 Rd1+ 32. Kh2 c3 33. Nxe6 fxe6
0-1

[Event "Quebec-ch"]
[Site "Montreal CAN"]
[Date "1988.06.18"]
[Round "8"]
[White "Duong, Thanh Nha"]
[Black "Barbeau, Sylvain"]
[Result "0-1"]
[WhiteElo "2136"]
[BlackElo "2355"]
[PlyCount "62"]
[EventDate "1988.06.09"]
[EventType "tourn"]
[EventRounds "11"]
[EventCountry "CAN"]
[EventCategory "1"]

1. e4 c5 2. Nf3 Nc6 3. d4 cxd4 4. Nxd4 Nf6 5. Nc3 d6 6. Bc4 Qb6 7. Nde2 e6 8.
Bb3 Be7 9. O-O O-O 10. Be3 Qc7 11. Ng3 Bd7 12. f4 Na5 13. f5 Nc4 14. Bxc4 Qxc4
15. Rf4 Qc7 16. Rh4 g6 17. Qf3 b5 18. Qf4 Rfe8 19. fxg6 fxg6 20. Rf1 Rf8 21.
Qh6 Bc6 22. e5 dxe5 23. Nce4 Rf7 24. c3 Bd5 25. a3 Bf8 26. Qg5 Nxe4 27. Nxe4
Rxf1+ 28. Kxf1 Be7 29. Qxe7 Qxe7 30. Bg5 Rf8+ 31. Ke1 Qb7 0-1

[Event "Semi-rapide 1988.03.19"]
[Site "Montreal CAN"]
[Date "1988.03.19"]
[Round "4"]
[White "Duong, Thanh Nha"]
[Black "Charest, Johanne"]
[Result "1-0"]
[WhiteElo "1536"]
[BlackElo "1406"]
[PlyCount "40"]
[EventDate "1988.03.19"]
[EventType "swiss (rapid)"]
[EventRounds "6"]
[EventCountry "CAN"]

1. e4 e5 2. c4 Nf6 3. Nc3 Bc5 4. Bd3 d6 5. h3 Nc6 6. Nf3 h6 7. a3 a6 8. Bc2 Be6
9. d3 O-O 10. Bd2 Ba7 11. g4 Nd4 12. Nxd4 Bxd4 13. Qf3 c6 14. Ke2 d5 15. Rag1
dxe4 16. Nxe4 Ne8 17. g5 hxg5 18. Bxg5 Qd7 19. Bh6 Kh7 20. Bxg7 Nxg7 1-0